00486nam a2200181Ia 450000500170000000800410001704000190005804100120007708200130008910000200010224500700012226000340019230000140022665000200024065100180026070000160027885000100029420230811110710.0131103s9999 xx 000 0 und d aLoreto College aEnglish a920bSOM aSomerville,E.E. 4aThe Irish R.M.and His ExperiencescE.E.Somerville and Martin Ross aLondonbFaber & Gwyerc[1928] ax,603 p.  aSomerutlle,E.E. aAutobiography aRoss,Martin aLCLIB